000 00319nam a22001217a 4500
008 150526b xxu||||| |||| 00| 0 eng d
020 _a9780071493277
020 _a0071493271
041 0 _aeng
080 _a004
245 1 0 _aMicrosoft Office SharePoint Server 2007 :
_cRon Gilster.
942 _2udc
_cBK
999 _c903
_d903